Statistics for 50 Cent Charting Songs (Billboard Hot 100)

Click here to take the quiz!

General Stats

  • This quiz has been taken 24 times
    (11 since last reset)
  • The average score is 15 of 41

Answer Stats

AlbumWeeks OnPeakArtist(s)Song% Correct
Get Rich or Die Tryin'30 Weeks#1 (9 Weeks)50 CentIn da Club
100%
The Massacre23 Weeks#1 (9 Weeks)50 Cent ft. OliviaCandy Shop
100%
Get Rich or Die Tryin'23 Weeks#1 (4 Weeks)50 Cent ft. Nate Dogg21 Questions
80%
Relapse17 Weeks#1 (1 Week)Eminem, Dr. Dre & 50 CentCrack a Bottle
70%
The Documentary23 Weeks#2The Game ft. 50 CentHate It or Love It
70%
Shoot for the Stars, Aim for the Moon20 Weeks#11Pop Smoke ft. 50 Cent & Roddy RicchThe Woo
70%
Curtis20 Weeks#550 Cent ft. Justin Timberlake & TimbalandAyo Technology
60%
The Massacre27 Weeks#350 CentJust a Lil Bit
60%
The Documentary28 Weeks#4The Game ft. 50 CentHow We Do
60%
Non-Album Single3 Weeks#2750 Cent ft. Eminem & Adam LevineMy Life
50%
Get Rich or Die Tryin' Soundtrack11 Weeks#2050 CentWindow Shopper
50%
Eminem Presents: The Re-Up6 Weeks#12Eminem, 50 Cent, Lloyd Banks & Ca$hisYou Don't Know
50%
La Bella Mafia24 Weeks#2Lil Kim ft. 50 CentMagic Stick
50%
Get Rich or Die Tryin'25 Weeks#350 CentP.I.M.P.
50%
Get Rich or Die Tryin' Soundtrack15 Weeks#3550 Cent & OliviaBest Friend
40%
Get Rich or Die Tryin' Soundtrack5 Weeks#6550 CentHustler's Ambition
40%
Thoughts of a Predicate Felon15 Weeks#48Tony Yayo ft. 50 CentSo Seductive
40%
The Massacre29 Weeks#350 CentDisco Inferno
40%
All About You33 Weeks#4Jeremih ft. 50 CentDown on Me
40%
Non-Album Single20 Weeks#46LoveRance ft. IamSu & Skipper or 50 CentUP!
30%
The Massacre1 Week#9250 CentOutta Control
30%
The Documentary4 Weeks#93The Game ft. 50 CentWestside Story
30%
The Massacre19 Weeks#650 Cent ft. Mob DeepOutta Control
30%
Curtis1 Week#9550 Cent ft. AkonStill Will
30%
Encore15 Weeks#25Eminem, Dr. Dre & 50 CentEncore
30%
Curtis14 Weeks#2050 CentI Get Money
30%
8 Mile Soundtrack20 Weeks#1350 CentWanksta
30%
Non-Album Single1 Week#7950 Cent ft. Dr. Dre & Alicia KeysNew Day
20%
Get Rich or Die Tryin'8 Weeks#7650 CentIf I Can't
20%
Before I Self Destruct13 Weeks#2850 Cent ft. Ne-YoBaby By Me
20%
No. 6 Collaborations Project1 Week#57Ed Sheeran ft. Eminem & 50 CentRemember the Name
20%
Non-Album Single9 Weeks#4450 CentGet Up
20%
The Breakthrough8 Weeks#75Mary J. Blige ft. The Game & 50 CentMJB da MVP
10%
Non-Album Single2 Weeks#5350 CentI Get It In
10%
Rotten Apple4 Weeks#84Lloyd Banks ft. 50 CentHands Up
10%
Non-Album Single1 Week#8750 CentOutlaw
10%
The Massacre1 Week#8850 CentPiggy Bank
10%
Ciara: The Evolution13 Weeks#40Ciara ft. 50 CentCan't Leave 'Em Alone
10%
Killer Love12 Weeks#39Nicole Scherzinger ft. 50 CentRight There
10%
Curtis3 Weeks#3250 CentStraight to the Bank
10%
Before I Self Destruct1 Week#9750 CentThe Invitation
0%

Score Distribution

Percentile by Number Answered

Percent of People with Each Score

Your Score History

You have not taken this quiz since the last reset